000 00321nam a22001337a 4500
008 250625b |||||||| |||| 00| 0 eng d
020 _a0787243779
050 _aHD62.5
_b.I37
100 _aIBRAHIM, Bakr A.
245 _aFamily Business Management
260 _aU.S.A
_bKendall/Hunt
_c1994
300 _a557p.
942 _cBK
999 _c3973
_d3973